|
|
|
|
| LEADER |
00000cam a2200000 i 4500 |
| 001 |
1/50337 |
| 008 |
941103s1973 enk ||| | eng|| |
| 035 |
|
|
|a 1992
|c ΔΩΡΕΑ
|l 10043853
|
| 040 |
|
|
|a GR-MyUA
|b gre
|e AACR2
|
| 041 |
0 |
|
|a eng
|
| 082 |
0 |
|
|a 822.33
|
| 100 |
1 |
|
|a Shakespeare, William,
|d 1564-1616.
|
| 245 |
1 |
0 |
|a William Shakespeare :
|b the complete works /
|c William Shakespeare ; edited with an itroduction and glossary by Peter Alexander.
|
| 250 |
|
|
|a 1η έκδ. ανατύπωση.
|
| 260 |
|
|
|a London :
|b Collins,
|c 1973.
|
| 300 |
|
|
|a 1375 σ. ;
|c 21 εκ.
|
| 504 |
|
|
|a Περιέχει γλωσσάριο.
|
| 600 |
1 |
0 |
|a Shakespeare, William,
|d 1564-1616.
|
| 650 |
0 |
0 |
|a English drama.
|
| 700 |
1 |
|
|a Alexander, Peter,
|d 1893-1969,
|e edt
|
| 852 |
|
|
|a INST
|b SAMOS
|e 19941103
|h 822.33 SHA
|p 005300000499
|q 005300000499
|t BK
|y 0
|
| 909 |
|
|
|a Σ
|b 023762
|